[Event "Hallstahammar op"]
[Site "Hallstahammar"]
[Date "2003.09.14"]
[Round "7"]
[White "Olofsson, Henrik"]
[Black "Impola, Peter"]
[Result "1-0"]
[WhiteElo "1969"]
[BlackElo "1693"]
[PlyCount "45"]
[EventDate "2003.09.12"]
[EventType "swiss"]
[EventRounds "7"]
[EventCountry "SWE"]
[SourceTitle "CBM 096 Extra"]
[Source "ChessBase"]
[SourceDate "2003.10.22"]
[SourceVersion "2"]
[SourceVersionDate "2003.10.20"]
[SourceQuality "1"]

1. e4 d6 2. d4 Nf6 3. Nc3 g6 4. Nf3 Bg7 5. Bc4 0-0 6. Qe2 Nbd7 7. e5 Ne8 8. e6 Nb6 9. exf7+ Rxf7 10. Bxf7+ Kxf7 11. Ng5+ Kg8 12. Ne6 Qd7 13. Nxg7 Kxg7 14. 0-0 Nf6 15. Re1 e6 16. Qf3 Qf7 17. a4 Bd7 18. Qxb7 c6 19. a5 Ng4 20. Rf1 Rf8 21. axb6 Nxf2 22. Be3 Nh3+ 23. gxh3 1-0